01077 a2200181 45000010006000000050017000060080041000230030015000640400040000790800059001192450116001782640046002943000023003405050389003630410008007521000024007608560111007842964820260407155606.0260407a2010 arg spa dAR-UNSa-BCEJYS aAR-UNSa-BCEJYSbspacAR-UNSa-BCEJYS a336.76xBolsa. Mercado del dinero. Mercado del capital10aCapital markets in the southern cone of Latin Américapconvergence to International Standards and Integration 1aBuenos Aires :bPearson Educaciónc2010 axx, 176 p.c23 cm. a1. Introduction - 2. South American capital markets perfomance - 3. Comparative policies on Foreign exchange and capital mobility - 4. Secutities markets regulations and evaluations on the degree of implementation - 5. Observance of international auditing and accounting standards in South America - 6. Taxation structure for financial instruments in Argentina, Brazil, Chile and Peru aspa1 aMusalen, Alberto R.41uhttps://biblioeco.unsa.edu.ar/pmb/images/libros/Capital markets-l125076.jpgyImagen de portadaqimage/jpeg